Indroduction to Pharmaceutics-II (Record no. 10434)

MARC details
000 -LEADER
fixed length control field 00394nam a22001577a 4500
003 - CONTROL NUMBER IDENTIFIER
control field OSt
008 - FIXED-LENGTH DATA ELEMENTS--GENERAL INFORMATION
fixed length control field 210209b ||||| |||| 00| 0 eng d
020 ## - INTERNATIONAL STANDARD BOOK NUMBER
International Standard Book Number 9788123903392
100 ## - MAIN ENTRY--PERSONAL NAME
Personal name Gupta, AK and Bajaj SS
245 ## - TITLE STATEMENT
Title Indroduction to Pharmaceutics-II
250 ## - EDITION STATEMENT
Edition statement 4th
260 ## - PUBLICATION, DISTRIBUTION, ETC. (IMPRINT)
Place of publication, distribution, etc New Delhi
Name of publisher, distributor, etc CBS Pub
Date of publication, distribution, etc 2019
300 ## - PHYSICAL DESCRIPTION
Extent 295
650 ## - SUBJECT ADDED ENTRY--TOPICAL TERM
Topical term or geographic name as entry element Pharmaceutical Dosage forms
942 ## - ADDED ENTRY ELEMENTS (KOHA)
Source of classification or shelving scheme Dewey Decimal Classification
Koha item type Text Books
942 ## - ADDED ENTRY ELEMENTS (KOHA)
-- 8
Holdings
Withdrawn status Lost status Source of classification or shelving scheme Damaged status Not for loan Collection code Home library Current library Date acquired Source of acquisition Currency Cost, normal purchase price Bill Number Total Checkouts Acc. no. / Barcode Date last seen Date last borrowed Actual Cost, discounted price Bill Date Koha item type
    Dewey Decimal Classification     Diploma in Pharmacy PIET C-LIBRARY PIET C-LIBRARY 02/02/2021 Kirti Praskshan IN Rupees 310.00 IN1457 1 DP876 13/07/2022 01/07/2022 199.95 02/02/2021 Text Books
    Dewey Decimal Classification     Diploma in Pharmacy PIET C-LIBRARY PIET C-LIBRARY 02/02/2021 Kirti Praskshan IN Rupees 310.00 IN1457 5 DP877 19/07/2022 04/07/2022 199.95 02/02/2021 Text Books
    Dewey Decimal Classification     Diploma in Pharmacy PIET C-LIBRARY PIET C-LIBRARY 02/02/2021 Kirti Praskshan IN Rupees 310.00 IN1457 3 DP878 29/06/2023 14/06/2023 199.95 02/02/2021 Text Books
    Dewey Decimal Classification     Diploma in Pharmacy PIET C-LIBRARY PIET C-LIBRARY 02/02/2021 Kirti Praskshan IN Rupees 310.00 IN1457 1 DP879 17/03/2021 15/03/2021 199.95 02/02/2021 Text Books
    Dewey Decimal Classification     Diploma in Pharmacy PIET C-LIBRARY PIET C-LIBRARY 02/02/2021 Kirti Praskshan IN Rupees 310.00 IN1457 2 DP880 03/07/2023 19/06/2023 199.95 02/02/2021 Text Books

Design & Developed by: PIET Central Library
R70 Miles Stone Pattikalyana Samalkha Panipat 132102
mail ID :- [email protected], Phone No:- 0180-2569700 Ex.216